000 00768nam a2200241 i 4500
001 172710
003 ES-MaACL
005 20250710062737.0
007 t|
008 090831s1989 fr ||||1| fre d
020 _a2-13-042384-1
080 _a821.133.1-3.09"18"
100 1 _aQueffélec, Lise.
_9141214
245 1 3 _aLe roman-feuilleton français au XIXe siècle /
_cLise Queffélec.
250 _a1re éd.
260 _aParis :
_bPresses Universitaires de France,
_c1989.
300 _a127 p. ;
_c18 cm.
490 1 _aQue sais-je ? ;
_v2466
650 4 _aNovela francesa-
_yS.XIX-
_xHistoria y crítica.
_9136608
830 1 0 _aQue sais-je?
_v2466
_9180931
852 4 _aES-MaACL
_jE-12956
_z- Biblioteca Jacinto Martínez Lacalle
999 _c172710
_d172710